000 00759nam a2200229 a 4500
001 000022508
005 20240412074250.0
008 101012s1980 dr a r 000 j spa d
040 _aDO-SdBNP
_bspa
_cBNPHU
082 _aRD863.44
_bC117ch
100 1 _aCabral, Manuel del,
_d1907-1999
_923556
245 1 0 _aChinchina busca el tiempo /
_cManuel del Cabral.
260 _aSanto Domingo :
_bPublicaciones América,
_c1980.
300 _a111 p. :
_bil. ;
_c22 cm.
490 1 _aParnaso dominicano
500 _aIncluye notas al pie de las páginas.
590 _aInventariado, 2020/MFF
650 0 _aCuentos dominicanos
_9176
650 0 _aLiteratura dominicana.
_967
830 0 _aParnaso dominicano
_911352
910 _aValidado. Control de calidad. MMOLINA
999 _c22006
_d22006